EJT Difficulty Quiz: Image Edition - Statistics

General Stats
  • This quiz has been taken 13 times
    8 since last reset
  • The average score is 20 of 30
Answer Stats
Picture Answer % Correct
A
100%
Cash
100%
Friendliness
100%
Negativity
100%
The First Difficulty
100%
The Lower Gap
100%
Unimpossible
100%
Almost Unimpossible
67%
Astronomical
67%
Disco
67%
Do Nothing
67%
Exist
67%
Felix the ДА
67%
Ifinity
67%
Instant Win
67%
Multiplier
67%
Relax
67%
Restful
67%
Skip
67%
True Ease
67%
Ununpossible
67%
Win
67%
Winsome
67%
Disco-Ifinite-Easy
33%
Ifinite-Dot
33%
Ifinite-Easy
33%
Ifinite-Ifinite-Ifinite
33%
Ifinite-Long
33%
Millisecondless
33%
Shortcut
33%
No matching quizzes found
Score Distribution
Percent of People with Each Score
Percentile by Number Answered
Your Score History
You have not taken this quiz since the last reset